Stampy's lovely World Intro - Statistics

General Stats
  • This quiz has been taken 92 times
    73 since last reset
  • The average score is 13 of 20
Answer Stats
Answer % Correct
Hello
100%
this
78%
and
76%
is
76%
stampy
76%
to
73%
welcome
73%
lets
62%
minecraft
62%
play
62%
video
62%
another
58%
and
56%
inside
51%
lovely
51%
of
51%
stampys
51%
world
51%
another
49%
video
49%
No matching quizzes found
Score Distribution
Percent of People with Each Score
Percentile by Number Answered
Your Score History
You have not taken this quiz since the last reset